00559cam a2200169 a 4500001001000000003000900010005001700019008004100036040003100077082001700108100003200125245004500157250002500202260006900227300002000296504007300316000022075DO-SdBNP20240517111607.0741028s1982 ve 001 0 spa d aDO-SdBNPbspacBNPHUdBNPD a928.6bB224M1 aSanabria, Edgard1893-1980.10aRafael María Baralt /cEdgar Sanabria. aEdición facsimilar aCaracas :bEdiciones de la Presidencia de la República,c1982. a46 p. ;c24 cm. aIncluye referencias bibliográficas y notas al pie de las páginas